| 000 | 00418nam a2200169Ia 4500 | ||
|---|---|---|---|
| 008 | 230524s9999 xx 000 0 und d | ||
| 020 | _a9780070669253 | ||
| 082 |
_a519.6 _bVEE |
||
| 100 | _aT.Veerarajan | ||
| 245 | 0 | _a"Probability,Statistics & Random Process" | |
| 250 | _a2ND | ||
| 260 |
_aNEW DELHI _bTMH _c2004 |
||
| 300 | _aXIII;689 | ||
| 500 | _aQuantity Number: 4 | ||
| 650 | _aMathematics | ||
| 942 | _cBK | ||
| 999 |
_c31151 _d31151 |
||